Visita guiada a la Constitución Nacional /
Guardado en:
| Autor Principal: | |
|---|---|
| Formato: | Libro |
| Idioma: | Spanish |
| Publicado: |
Buenos Aires :
Zavalía,
1995.
|
| Edición: | 1a. ed. |
| Materias: | |
| Etiquetas: |
Agregar Etiqueta
Sin Etiquetas, Sea el primero en etiquetar este registro!
|
| LEADER | 00484nam a22001575a 4500 | ||
|---|---|---|---|
| 001 | DER.der014700 | ||
| 008 | 220503s1995####ag############000#0#spa#d | ||
| 005 | 20250827174546.0 | ||
| 245 | 1 | 0 | |a Visita guiada a la Constitución Nacional / |c Humberto Quiroga Lavié. |
| 250 | |a 1a. ed. | ||
| 260 | |a Buenos Aires : |b Zavalía, |c 1995. | ||
| 300 | |a 188 p. | ||
| 020 | |a 9505723210 | ||
| 100 | 1 | |a Quiroga Lavié, Humberto. | |
| 650 | 7 | |a DERECHO CONSTITUCIONAL | |
| 859 | |a DERECHO |b BIB. DERECHO |h 342.02 |i QUI |p 0010024 | ||
